| 000 | 00402nab a22001097u 4500 | ||
|---|---|---|---|
| 008 | 130520b2008 xxu||||| |||| 00| 0 spa d | ||
| 041 | _aspa | ||
| 100 | 1 |
_aCarriedo Tejedo, Manuel _967731 |
|
| 245 | 0 | 0 |
_aLos orígenes de la Iglesia de León: de Decentio (s. III) a Frunimio (s. IX) _cManuel Carriedo Tejedo |
| 773 | 0 |
_tStudium Legionense _gV.49, nº49,2008,págs. 251-278 _x0210-8321 _wRev453 |
|
| 942 | _cAR | ||
| 999 |
_c384683 _d384683 |
||